Text Book of Environmental Studies (Record no. 56710)

MARC details
000 -LEADER
fixed length control field 00435nam a2200169Ia 4500
008 - FIXED-LENGTH DATA ELEMENTS--GENERAL INFORMATION
fixed length control field 230524s9999 xx 000 0 und d
020 ## - INTERNATIONAL STANDARD BOOK NUMBER
ISBN 978817378625
082 ## - DEWEY DECIMAL CLASSIFICATION NUMBER
Classification number 330
Item number BHA
100 ## - MAIN ENTRY--AUTHOR NAME
Personal name Erach Bharucha
245 #0 - TITLE STATEMENT
Title Text Book of Environmental Studies
250 ## - EDITION STATEMENT
Edition statement 1
260 ## - PUBLICATION, DISTRIBUTION, ETC. (IMPRINT)
Place of publication New Delhi
Name of publisher Universities Press
Year of publication 2016
300 ## - PHYSICAL DESCRIPTION
Number of Pages "XVII,299p;"
500 ## - GENERAL NOTE
General note Quantity Number: 1
650 ## - SUBJECT ADDED ENTRY--TOPICAL TERM
Topical Term Environmental
942 ## - ADDED ENTRY ELEMENTS (KOHA)
Koha item type Books
Holdings
Lost status Damaged status Permanent Location Current Location Shelving location Date acquired Full call number Accession Number Koha item type
    Central Library, Trident Academy of Technology Central Library, Trident Academy of Technology General Stacks 05/24/2023 330 BHA 53972 Books
Trident Academy of Technology © 2023.
All rights reserved.                                                                                                                                                                                                        Designed by Team of Central Library .

Powered by Koha